000 00432nam a2200181Ia 4500
008 240510s9999 xx 000 0 und d
020 _a0001558511164
041 _aEng
082 _a005.11
082 _bD62
245 0 _aDR DOBBS JOURNAL VOL 14
260 _bCALIFORNIA : DR DOBBS
260 _c1990
300 _a1051 p.
650 _aSOFTWARE ENGINEERING:SPECIAL PROGRAMMING TECHNIQUES
942 _2ddc
942 _cLBK
999 _c27122
_d27122
945 _a1
_bMadushi Gamage
_c1
_dMadushi Gamage